Я опять одинок (Запис номер 352062)
[ съкратено ]
| 000 -Лидер | |
|---|---|
| Контролно поле с фиксирана дължина | ncm a22 a 4500 |
| 003 - Код на организацията, давaща контролен номер | |
| Контролно поле | BLK |
| 005 - Дата и час на последна редакция | |
| Контролно поле | 20201007040709.0 |
| 008 - Елементи от данни с фиксирана дължина | |
| fixed length control field | 200407b bu ||||| |||| 00| 0 bu d |
| 040 ## - Източник на каталожния запис | |
| Идентификатор на билиотеката - собственик на записа | BLK |
| 041 ## - Код за език | |
| Код за езика на текст/звукозапис или на отделно заглавие | Български |
| Код за езика КДБФ | Български |
| 080 ## - УДК | |
| Текстов определител УДК | Камерна вок. муз. Песни, балади, арии, романси |
| УДК код - определител по УДК | 784.3 |
| УДК - код + определител | 784.3 |
| 100 ## - Редна дума - Автор | |
| Автор | Рахманинов, Сергей Василиевич |
| Авторска отговорност | първи автор |
| R(LIN) | 1299 |
| 139 ## - Редно поле | |
| Редна дума | Рахманинов, Сергей Василиевич |
| Авторски знак | Рах - Р 40 |
| 245 ## - Сведения за заглавието | |
| Заглавие | Я опять одинок |
| Подзаглавни данни | Для баритона в сопровожд. ф.-п. : Соч. 26, № 9 |
| Редно поле (дума) | Сергей Рахманинов ; текст Ив. Бунин ; Нем. текст Л. Есбер. |
| 257 ## - Страна на издаване | |
| Страна на създаване/издаване | Русия |
| 260 ## - Област на издателските данни | |
| 9 (RLIN) | 402764 |
| Място на издаване, разпространение и проч. | Москва |
| Име на издателя, разпространителя и проч. | Музыка |
| Година на издаване | 1968 |
| 300 ## - Физическа характеристика | |
| Страници | 4 с. |
| Размери/Мащаб | 29 см |
| 380 ## - Жанр | |
| Жанр | Изкуство |
| 650 #7 - Допълнително описание по предмет – тема | |
| 9 (RLIN) | 166106 |
| Основно описание – тема или топоним | Песен |
| 650 #0 - Допълнително описание по предмет – тема | |
| 9 (RLIN) | 353345 |
| Основно описание – тема или топоним | Соло пеене - баритон |
| 650 #7 - Допълнително описание по предмет – тема | |
| 9 (RLIN) | 166247 |
| Основно описание – тема или топоним | Пиано |
| 700 ## - Други автори (авторска отговорност) | |
| 9 (RLIN) | 1581 |
| Лично име | Бунин, Иван |
| Автороска отговорност (Описва отношението между автора и произведението) | текст |
| 700 ## - Други автори (авторска отговорност) | |
| 9 (RLIN) | 704 |
| Лично име | Есбер, Л. |
| Автороска отговорност (Описва отношението между автора и произведението) | нем. текст |
| 852 ## - Местоположение | |
| Форматна сигнатура | Цб М ІІ 5130 |
| Фондова буква | Отдел Изкуство - подръчен фонд |
| 999 ## - СИСТЕМНИ КОНТРОЛНИ НОМЕРА | |
| Koha biblionumber | 352062 |
| Koha biblioitemnumber | 352062 |
| 942 ## - АРТИКУЛИ | |
| Вид на библиотечния материал | Нотни издания |
| Скрит в OPAC | Не |
| Периодичен библиозапис | Да |
| 944 ## - СЪЗДАВАНЕ И РЕДАКЦИЯ на ЗАПИСА | |
| Дата на регистрацията/редакция | 2020-04-07 |
| Служител, извършил регистрацията/редакцията | Валентина Караджова |
| 999 ## - СИСТЕМНИ КОНТРОЛНИ НОМЕРА | |
| Koha biblioitemnumber | 352062 |
| 999 ## - СИСТЕМНИ КОНТРОЛНИ НОМЕРА | |
| Koha biblioitemnumber | 352062 |
| Код за отписване | Код за изгубен артикул | Източник на класификационната схема | Код за повреда | Код за отдаване | Артикулен № | Име на библиотеката - собственик | Име на библиотеката, в която се намира в момента | Статус (Текущо местоположение) | Дата на вписване в системата | Местоположение - отдел | Цена в лева | Инвентарен номер | Систематично азбучна сигнатура | Баркод | Цена в евро | Служебен тип на артикула |
|---|---|---|---|---|---|---|---|---|---|---|---|---|---|---|---|---|
| Не е изгубен | Universal Decimal Classification | Не е повреден | заемане за дома | 760501 | Регионална библиотека "Любен Каравелов" Русе | Регионална библиотека "Любен Каравелов" Русе | Отдел Изкуство - подръчен фонд | 2020-04-10 | Отдел Изкуство - подръчен фонд | 0.06 | 64811 | 784/Р 40 С | 120000064811 | 0.03 | Нотни издания | |
| Не е изгубен | Universal Decimal Classification | Не е повреден | ползва се в читалня | 763770 | Регионална библиотека "Любен Каравелов" Русе | Регионална библиотека "Любен Каравелов" Русе | Хранилище | 2020-04-23 | Хранилище | 0.06 | 64810 | Цб М ІІ 5130 | 120000064810 | 0.03 | Нотни издания |